| 000 | 00962nam a2200265 i 4500 | ||
|---|---|---|---|
| 001 | 000029081 | ||
| 003 | DO-SdBNP | ||
| 005 | 20250617140228.0 | ||
| 007 | ta | ||
| 008 | 110413s1987 dr a 000 0 spa d | ||
| 040 |
_aDO-SdBNP _bspa _cBNPHU _erda |
||
| 041 | _aspa | ||
| 082 | 4 |
_axxxx _bV335g _222 |
|
| 100 | 1 |
_aVásquez, Ana _eautor _4aut. _955981 |
|
| 245 | 1 | 0 |
_aGuía necesariamente insegura para una mujer que ayer tarde dijo : _byo no soy feminista / _cAna Vásquez, Mercedes Sayaguez y Angela Hernández ; edición José Rafael Sosa. |
| 264 |
_aSanto Domingo : _bEditora Búho, _c1987. |
||
| 300 |
_a30 páginas : _bilustraciones ; _c21 cm. |
||
| 336 |
_atexto _btxt _2rdacontent |
||
| 337 |
_asin mediación _bn _2rdamedia |
||
| 338 |
_avolumen _bnc _2rdacarrier |
||
| 700 | 1 |
_aSayaguez, Mercedes _955982 _eautor _4aut. |
|
| 700 | 1 |
_aHernández, Ángela, _d1954- _eautor _4aut. _92564 |
|
| 700 | 1 |
_aSosa, José Rafael, _eeditor _964 _4ed. |
|
| 942 |
_2ddc _cLF2 |
||
| 999 |
_c28573 _d28573 |
||